| 000 | 00869nam a22002417a 4500 | ||
|---|---|---|---|
| 999 |
_c625 _d625 |
||
| 003 | AR-CdUCM | ||
| 008 | 190225b ||||| |||| 00| 0 spa d | ||
| 020 | _a9506140677 | ||
| 040 |
_aMUNICIPALIDAD PROVINCIAL DEL CUSCO _cBIBLIOTECA MUNICIPAL DEL CUSCO |
||
| 082 |
_a851 / _bM84 |
||
| 100 |
_aMontale, Eugenio _92438 |
||
| 245 |
_aHuesos de sepia y otros poemas : _bselección y traducción de Carlos Frabetti / |
||
| 260 |
_aArgentina : _bOrbis, _c1977. |
||
| 300 |
_a220 páginas ; _c20 cm. |
||
| 440 |
_aPremio Nobel 1975. _n27 _92439 |
||
| 505 | _aContenido: Cuerno inglés -- Falsete -- Viento y banderas -- Gloria del vasto mediodía -- Mediterráneo -- Fin de la infancia ... | ||
| 650 |
_aSiglo XX _98 |
||
| 650 |
_aLiteratura Italiana _9615 |
||
| 650 |
_aPoesía _9139 |
||
| 700 |
_aFrabetti, Carlos (traductor) _92440 |
||
| 942 |
_2ddc _cLIBROS |
||
| 945 | _aachl | ||